000 00989cam a2200157ua 4500
041 _aeng
_h
082 _a624.131
_bIND/CO
110 1 _aIndian standards institution .
_bISI
_c()
245 0 0 _aCode of practice for site investigations for foundation in gravel-boulder deposit IS:10042-1981 /
_cIndian standards institution.
_hTextual Documents
250 _a1 /
_b.
260 _aNew Delhi :
_bIndian standards institution ,
_c1982.
300 _a19 ; .
504 _a
942 _cBK
999 _c10030
_d10030